000
00304nam a22001337a 4500
008
180920b xxu||||| |||| 00| 0 eng d
020
_a
9781578592241
041
_a
eng
080
_2
3rd
_a
521
100
_a
42
101
_a
AST
245
_a
The Handy Science answer book
_c
Bobick,J,E
942
_2
udc
_c
BK
999
_c
48107
_d
48107